000 00615 a2200193 4500
020 _a0201360756
020 _a9780201360752
082 _a537.1
090 _c1710
_d1710
100 1 _aFeynman, Richard P.
245 1 0 _aQuantum electrodynamics /
_cRichard P. Feynman.
250 _aNew Ed.
260 _a[S.l.] :
_bWestview Press,
_c1998.
300 _a208 p. ;
_c23 cm.
490 1 _aAdvanced books classics.
830 0 _aAdvanced books classics.
942 _aSNS
_cBK
_k537.1 FEY
999 _c30318
_d30318